Gwyneth Paltrow Movies Quiz Stats

 Plays Quiz Updated Jan 1, 2021

Support Sporcle.
Go Orange.
Score 0/43 Timer 07:00
2 Plays Today
Year Movie % Correct
2019Avengers: Endgame
86.3%
2018Avengers: Infinity War
80.8%
2013Iron Man 3
80.7%
2012The Avengers
79.7%
1998Shakespeare in Love
73.4%
2008Iron Man
72.7%
2001The Royal Tenenbaums
64.3%
2017Spider-Man: Homecoming
55.3%
2001Shallow Hal
53.2%
2010Iron Man 2
51.5%
1996Emma
51%
1998Sliding Doors
46.5%
1991Hook
46%
1995Se7en
44.9%
2003Sylvia
32.1%
1998Great Expectations
30.8%
2002Austin Powers in Goldmember
30%
2000Bounce
26%
2004Sky Captain and the World of Tomorrow
24.6%
1999The Talented Mr. Ripley
24.5%
2011Contagion
24.4%
2015Mortdecai
22.1%
Year Movie % Correct
2000Duets
21.9%
2005Proof
20.7%
1998A Perfect Murder
20.5%
2003View from the Top
19.4%
2010Country Strong
17.8%
2012Thanks for Sharing
13.7%
2008Two Lovers
11.8%
2006Running with Scissors
11.8%
1998Hush
11.3%
1996The Pallbearer
10.8%
2002Possession
9.5%
1996Sydney
8%
1993Flesh and Bone
8%
2006Infamous
7.8%
1995Moonlight and Valentino
7.7%
1993Malice
7.7%
1991Shout
6.7%
2001The Anniversary Party
6.6%
2007The Good Night
5.3%
1994Mrs. Parker and the Vicious Circle
5.3%
2006Love and Other Disasters
5%

From the Vault

8-Letter Premier League Players

by Pilgab

Sports 2.5m
The number 8 is also a pretty premier number. Symmetrical on the vertical and horizontal axis.
Remove Ads.
Support Sporcle.
Get the best of Sporcle when you Go Orange. This ad-free experience offers more features, more stats, and more fun while also helping to support Sporcle. Thank you for becoming a member.

Show Comments

Extras

Top Quizzes Today


Score Distribution

Your Account Isn't Verified!

In order to create a playlist on Sporcle, you need to verify the email address you used during registration. Go to your Sporcle Settings to finish the process.

Report this User

Report this user for behavior that violates our Community Guidelines.

Details: